5HLuxD.jpg

KING HENRY VIII SENIOR AND PRIMARY SCHOOL LIBRARY OPAC

Super Sleuth / (Record no. 5731)

000 -LEADER
fixed length control field 00822nam a22001937a 4500
003 - CONTROL NUMBER IDENTIFIER
control field OSt
005 - DATE AND TIME OF LATEST TRANSACTION
control field 20251027113857.0
008 - FIXED-LENGTH DATA ELEMENTS--GENERAL INFORMATION
fixed length control field 251027b ||||| |||| 00| 0 eng d
020 ## - INTERNATIONAL STANDARD BOOK NUMBER
International Standard Book Number 9780008614515
040 ## - CATALOGING SOURCE
Transcribing agency KH8
082 ## - DEWEY DECIMAL CLASSIFICATION NUMBER
Classification number FIC WAL
100 ## - MAIN ENTRY--PERSONAL NAME
Personal name Walliams, David,
Relator term author.
245 ## - TITLE STATEMENT
Title Super Sleuth /
Statement of responsibility, etc. David Walliams ; illustrated by Adam Stower.
260 ## - PUBLICATION, DISTRIBUTION, ETC.
Place of publication, distribution, etc. London ;
Name of publisher, distributor, etc. Harper Collins Publisher ,
Date of publication, distribution, etc. 2024.
300 ## - PHYSICAL DESCRIPTION
Extent 313 pages :
Other physical details illustrations ;
Dimensions 21 cm.
520 ## - SUMMARY, ETC.
Summary, etc. When the world's greatest detective is murdered on board a transatlantic cruise liner, who could possibly solve the crime?<br/><br/>Enter amateur sleuth Dilly and her dog assistant Watson.<br/><br/>But as Dilly attempts to unravel the mystery, she soon finds that her own life is in danger...
700 ## - ADDED ENTRY--PERSONAL NAME
Personal name Stower, Adam,
Relator term illustrator.
942 ## - ADDED ENTRY ELEMENTS (KOHA)
Source of classification or shelving scheme
Koha item type Books
Holdings
Withdrawn status Lost status Source of classification or shelving scheme Damaged status Not for loan Collection code Permanent Location Current Location Shelving location Date acquired Full call number Barcode Date last seen Price effective from Koha item type
          Fiction KH8 Senior School Library KH8 Senior School Library Fiction 2025-10-27 FIC WAL 3KHSL000102465 2025-10-27 2025-10-27 Books - Fiction

Powered By KH8 IT Dept